The 1980s Movies Picture Quiz - Statistics

General Stats
  • This quiz has been taken 6,527 times
    6,175 since last reset
  • The average score is 29 of 40
Answer Stats
Picture Hint Answer % Correct
1980 Star Wars: Episode V - The Empire Strikes Back
99%
1989 Batman
97%
1981 Raiders of the Lost Ark
97%
1982 E.T. the Extra-Terrestrial
96%
1985 Back to the Future
95%
1986 Top Gun
95%
1984 The Karate Kid
94%
1984 The Terminator
94%
1989 The Little Mermaid
93%
1982 Gandhi
92%
1984 Ghostbusters
92%
1980 The Shining
92%
1980 Popeye
87%
1985 Rambo: First Blood Part II
87%
1988 Die Hard
84%
1988 Beetlejuice
83%
1987 RoboCop
80%
1989 Dead Poets Society
79%
1985 The Breakfast Club
76%
1983 Scarface
73%
1986 Ferris Bueller's Day Off
71%
1987 Good Morning, Vietnam
71%
1988 Rain Man
71%
1980 Airplane!
70%
1986 Crocodile Dundee
70%
1982 Tron
69%
1982 Blade Runner
68%
1988 Coming to America
64%
1986 Aliens
63%
1985 The Goonies
62%
1987 The Princess Bride
61%
1987 Three Men and a Baby
61%
1989 When Harry Met Sally...
57%
1984 Footloose
54%
1981 Chariots of Fire
47%
1983 Trading Places
42%
1983 Octopussy
41%
1981 On Golden Pond
29%
1983 Yentl
29%
1981 Das Boot
26%
No matching quizzes found
Score Distribution
Percent of People with Each Score
Percentile by Number Answered
Your Score History
You have not taken this quiz since the last reset